Statistics for French Groups of Things

Click here to take the quiz!

General Stats

  • This quiz has been taken 550 times
    (493 since last reset)
  • The average score is 29 of 50

Answer Stats

Answer% Correct
French
100%
Paris
97%
Belgium
93%
Germany
93%
Spain
92%
Switzerland
90%
Atlantic Ocean
89%
Olympique Marseille
89%
Gare de Lyon
88%
Italy
88%
Luxembourg
88%
Lyon
88%
Marseille
88%
Andorra
87%
Mediterranean Sea
87%
Monaco
86%
Seine
86%
Nice
75%
Emmanuel Macron
73%
French Guiana
68%
Charles de Gaulle
67%
Loire
66%
North Sea
65%
Toulouse
62%
Nicolas Sarkozy
61%
Rhône
58%
François Hollande
54%
Jacques Chirac
53%
Martinique
52%
Nantes
50%
Gare du Nord
49%
Réunion
46%
Guadeloupe
45%
Rhine
43%
Saint Martin
35%
French Polynesia
33%
Gare de l'Est
32%
Mayotte
32%
New Caledonia
32%
Georges Pompidou
29%
Valéry Giscard d'Estaing
28%
François Mitterrand
27%
Saint Pierre and Miquelon
27%
Gare Montparnasse
24%
Gare d'Austerlitz
17%
Gare Saint-Lazare
17%
Wallis and Futuna
16%
Meuse
15%
Saint Barthélemy
13%
Gare de Bercy
8%

Score Distribution

Percentile by Number Answered

Percent of People with Each Score

Your Score History

You have not taken this quiz since the last reset